000 00446nam a22001697a 4500
999 _c524432
_d524432
003 NUST
038 _awaseem
082 _a891.421
_bQUR
100 _aQureashi, Iqbal
_915251
245 _aIshq kau yar salam /
_cIqbal Queashi
260 _aMultan :
_bJhok printer,
_c2009.
300 _a287 p. ;
500 _aHardcover
880 _6100-01\r
_aاقبال قریشی
880 _6245-02\r
_a/ عشق کوں یارسلام
942 _2ddc
_cBK